000 00854nam a2200229Ia 4500
005 20250108125057.0
008 008 250107s9999 xx 000 0 hin d
020 _a78-81-926017-3-1
037 _aTB
040 _aCRL
_bhin
_cCRL
041 _ahin
_2hin
084 _aX5:(D65,8(B)) Q5
084 _qCRL
100 _aनिम्मी ए. ए., ले.
_9169072
245 0 _aअसग़र वजाहत की रचनाओं में सामाजिक सरोकार
_cनिम्मी ए. ए., ले.
260 _aकानपुर, भारत
_bमाया प्रकाशन
_c3229
300 _a200पृ0
365 _aINR
_b690
650 _aहिन्दी कविताहिन्दी साहित्य
_9729733
942 _cTB
_hX5:(D65,8(B)) Q5
999 _c1235617
_d1235617